Statistics for Signature moves by their Pokemon

Click here to take the quiz!

General Stats

  • This quiz has been taken 4 times
  • The average score is 7 of 10

Answer Stats

PokemonAnswer% Correct
LugiaAeroblast
100%
AppletunApple Acid
100%
Kommo-oClanging Scales
100%
ZygardeCore Enforcer
100%
DarkraiDark Void
100%
Galarian ArticunoFreezing Glare
100%
KyuremGlaciate
100%
G-Max ButterfreeG-Max Befuddle
100%
G-Max GrimmsnarlG-Max Snooze
100%
G-Max VenusaurG-Max Vine Lash
100%
KingambitKowtow Cleave
100%
ZygardeLand's Wrath
100%
ObstagoonObstruct
100%
GroudonPrecipice Blades
100%
AnnihilapeRage Fist
100%
Naclstack | GarganaclSalt Cure
100%
InteleonSnipe Shot
100%
PrimarinaSparkling Aria
100%
CoalossalTar Shot
100%
GenesectTechno Blast
100%
ZygardeThousand Arrows
100%
Galarian ZapdosThunderous Kick
100%
Greninja | Ash-GreninjaWater Shuriken
100%
KoraidonCollision Course
50%
G-Max CharizardG-Max Wildfire
50%
LatiasMist Ball
50%
GiratinaShadow Force
50%
Pikachu (Special Z-Move)1,000,000 Volt Thunderbolt
0%
Lycanroc (Z-Move)Accelerock
0%
DhelmiseAnchor Shot
0%
QuaquavalAqua Step
0%
ArmarougeArmour Cannon
0%
MorpekoAura Wheel
0%
ToxapexBaneful Bunker
0%
OverqwilBarb Barrage
0%
Zamazenta-CrownedBehemoth Bash
0%
Zacian-CrownedBehemoth Blade
0%
Hisuian ZoroarkBitter Malice
0%
CeruledgeBittler Blade
0%
ReshiramBlue Flare
0%
ZekromBolt Strike
0%
Pikachu (Z-Move)Catastropika
0%
Hisuian SamurottCeaseless Edge
0%
Hisuian ElectrodeChloroblast
0%
Kommo-oClangourus Soul
0%
Kommo-o (Z-Move)Clangourus Soulblaze
0%
RegigigasCrush Grip
0%
DianceDiamond Storm
0%
SneaslerDire Claw
0%
GrafaiaiDoode
0%
JirachiDoom Desire
0%
MelmetalDouble Iron Bash
0%
PawmotDouble Shock
0%
RayquazaDragon Ascent
0%
DragapultDragon Darts
0%
RegidragoDragon Energy
0%
RillaboomDrum Beating
0%
EternatusDynamax Cannon
0%
Galarian SlowkingEerie Spell
0%
MiraidonElectro Drift
0%
Hisuian BraviaryEsper Wing
0%
EternatusEternabeam
0%
Eevee (Z-Move)Etreme Eevoboost
0%
Morgrem | GrimmsnarlFalse Surrender
0%
Galarian MoltresFiery Wrath
0%
VeluzaFillet Away
0%
MagearnaFleur Cannon
0%
ComfeyFloral Healing
0%
MeowscaradaFlower Trick
0%
HawluchaFlying Press
0%
Phantump | TrevenantForrest's Curse
0%
Mew (Z-Move)Genesis Supernova
0%
XerneasGeomancy
0%
TinkatonGigaton Hammer
0%
BaxcaliburGlaive Rush
0%
G-Max BlastoiseG-Max Cannonade
0%
G-Max CentiskorchG-Max Centiferno
0%
G-Max MachampG-Max Chi Strike
0%
G-Max EeveeG-Max Cuddle
0%
G-Max DuraludonG-Max Depletion
0%
G-Max RillaboomG-Max Drum Solo
0%
G-Max AlcremieG-Max Finale
0%
G-Max CinderaceG-Max Fireball
0%
G-Max KinglerG-Max Foam Burst
0%
G-Max MeowthG-Max Gold Rush
0%
G-Max OrbeetleG-Max Gravitas
0%
G-Max InteleonG-Max Hydrosnipe
0%
G-Max GarbodorG-Max Malodor
0%
G-Max MelmetalG-Max Meltdown
0%
G-Max Urshifu-Single StrikeG-Max One Blow
0%
G-Max Urshifu Rapid StrikeG-Max Rapid Flow
0%
G-Max SnorlaxG-Max Replenish
0%
G-Max LaprasG-Max Resonance
0%
G-Max SandacondaG-Max Sandblast
0%
G-Max HattereneG-Max Smite
0%
G-Max CopperajahG-Max Steelsurge
0%
G-Max DrednawG-Max Stonesurge
0%
G-Max ToxtricityG-Max Stun Shock
0%
G-Max AppletunG-Max Sweetness
0%
G-Max FlappleG-Max Tartness
0%
G-Max GengarG-Max Terror
0%
G-Max CoalossalG-Max Volcalith
0%
G-Max PikachuG-Max Volt Crash
0%
G-Max CorviknightG-Max Wind Rage
0%
FlappleGrav Apple
0%
HoopaHyperspace Fury
0%
HoopaHyperspace Hole
0%
CrabominableIce Hammer
0%
Hisuian TyphlosionInfernal Parade
0%
OranguruInstruct
0%
PalafinJet Punch
0%
ArcuesJudgement
0%
ZarudeJungle Healing
0%
AegislashKing's Shield
0%
Mimikyu (Z-Move)Let's Snuggle Forever
0%
Floette EternalLight of Ruin
0%
Ultra-Necrozma (Z-Move)Light That Burns the Sky
0%
EspathraLumina Crash
0%
CresseliaLunar Dance
0%
LatiosLuster Purge
0%
HattereneMagic Powder
0%
HeatranMagma Storm
0%
GholdengoMake it Rain
0%
Incineroar (Z-Move)Malicious Moonsault
0%
Sirfetch'dMeteor Assult
0%
BlacephalonMind Blown
0%
GlimoraMortal Spin
0%
SilvallyMulti-Attack
0%
FalinksNo Retreat
0%
YveltalOblivion Wing
0%
Primarina (Z-Move)Oceanic Opera
0%
GrapplockOctolock
0%
DondozoOrder Up
0%
KyogreOrigin Pulse
0%
ToxtricityOverdrive
0%
NecrozmaPhoton Geyser
0%
ZeraoraPlasma Fists
0%
Taundemaus | MausholdPopulation Bomb
0%
NecrozmaPrismatic Laser
0%
DeoxysPsycho Boost
0%
Stanler | WyrdeerPsyshield Bash
0%
MewtwoPsystrike
0%
Snorlax (Z-Move)Pulverising Pancake
0%
CinderacePyro Ball
0%
Tauros | Paldean TaurosRaging Bull
0%
MeloettaRelic Song
0%
OricorioRevelation Dance
0%
DialgaRoar of Time
0%
KeldeoSecret Sword
0%
ShayminSeed Flare
0%
Galarian SlowbroShell Side Arm
0%
TurtonatorShell Trap
0%
Hisuian Sliggoo | Hisuian GoodraShelter
0%
Sandygast | PalosandShore Up
0%
SpidopsSilk Trap
0%
Decidueye (Z-Move)Sinister Arrow Raid
0%
Galarian StunfiskSnap Trap
0%
Marshadow (Z-Move)Soul Stealing 7 Star Strike
0%
PalkiaSpacial Rend
0%
MarshadowSpectral Thief
0%
ScovillanSpicy Extract
0%
Varoom | RevavroomSpin Out
0%
DecidueyeSpirit Shackle
0%
Lycanroc (Z-Move)Splintering Stormshards
0%
EnamourusSpringtide Storm
0%
VolcanionSteam Eruption
0%
Alolan Raichu (Z-Move)Stoked Sparksurfer
0%
KleavorStone Axe
0%
Urshifu-Rapid StrikeSurging Strikes
0%
ZygardeThousand Waves
0%
RegielekiThunder Cage
0%
MausholdTidy Up
0%
Pumpkaboo | GourgeistTirck-or-Treat
0%
SkeledirgeTorch Song
0%
Hisuian DecidueyeTriple Arrows
0%
WugtrioTriple Dive
0%
TsareenaTrop Kick
0%
Girafarig | FarigirafTwin Beam
0%
VictiniV-Create
0%
Hisuian LiligantVictory Dance
0%
Pichu | Pikachu | RaichuVolt Crash
0%
Urshifu-Single StrikeWicked Blow
0%

Score Distribution

Percentile by Number Answered

Percent of People with Each Score

Your Score History

You have not taken this quiz